[Event "2. Bundesliga West 2016/17"]
[Site "Tirol"]
[Date "2016.10.29"]
[Round "2"]
[Board "3"]
[White "Hausner, Ivan"]
[Black "Lins, Philipp"]
[Result "1-0"]
[WhiteElo "2360"]
[BlackElo "2131"]
[PlyCount "111"]
[EventDate "2016.10.28"]
[EventType "team"]
[EventRounds "11"]
[EventCountry "AUT"]
[WhiteTeam "Zillertal"]
[BlackTeam "Pradl"]

1. c4 d6 2. Nc3 e5 3. g3 g6 4. Bg2 Bg7 5. e4 Nc6 6. Nge2 Nge7 7. O-O O-O 8. d3
Nd4 9. h3 h6 10. f4 c5 11. Be3 f5 12. Kh2 Rb8 13. Qd2 Kh7 14. Rae1 Nec6 15. Nd5
Nxe2 16. Rxe2 Be6 17. fxe5 Nxe5 18. Ref2 b5 19. b3 bxc4 20. dxc4 Bxd5 21. Qxd5
Qe7 22. exf5 gxf5 23. Bd2 Kh8 24. Rxf5 Rxf5 25. Rxf5 Rf8 26. Qe4 Rxf5 27. Qxf5
Qf8 28. Qxf8+ Bxf8 29. Be4 Kg7 30. Ba5 Kf6 31. Kg2 Nd7 32. Kf3 Ne5+ 33. Ke3 Ke6
34. Bd5+ Kf5 35. g4+ Kg6 36. Ke4 Be7 37. Bc7 Nd7 38. Be6 Nf6+ 39. Kf3 Ne8 40.
Bb8 a6 41. Bc8 Nf6 42. Bxa6 d5 43. cxd5 Nxd5 44. Bd3+ Kf6 45. a4 Nb4 46. Be4
Na6 47. Bf4 Kg7 48. Bb7 Nb4 49. a5 Bd8 50. a6 Bb6 51. Bb8 Nc2 52. Ke4 Nd4 53.
b4 Ne6 54. b5 c4 55. Kd5 c3 56. Kxe6 1-0

[Event "2. Bundesliga West 2016/17"]
[Site "Tirol"]
[Date "2016.10.29"]
[Round "2"]
[Board "4"]
[White "Praxmarer, Christian"]
[Black "Platzgummer, Fabian"]
[Result "0-1"]
[WhiteElo "1956"]
[BlackElo "2334"]
[PlyCount "56"]
[EventDate "2016.10.28"]
[EventType "team"]
[EventRounds "11"]
[EventCountry "AUT"]
[WhiteTeam "Pradl"]
[BlackTeam "Zillertal"]

1. f4 g6 2. Nf3 Bg7 3. g3 Nh6 4. Bg2 c6 5. Nc3 Qb6 6. e4 O-O 7. b3 d5 8. e5 f6
9. Bb2 fxe5 10. Na4 Qb4 11. Nxe5 b5 12. Nd3 Qd6 13. Bxg7 Kxg7 14. Nc3 Bf5 15.
Qe2 Nd7 16. O-O Bxd3 17. Qxd3 e5 18. fxe5 Nxe5 19. Qe2 Nf5 20. Rae1 Rae8 21.
Qf2 Ng4 22. Qxa7+ Rf7 23. Qb6 Rb8 24. Qa5 Qc5+ 25. Kh1 Nf2+ 26. Rxf2 Qxf2 27.
Rf1 Qxd2 28. Rxf5 Qe1+ 0-1

[Event "2. Bundesliga West 2016/17"]
[Site "Tirol"]
[Date "2016.10.29"]
[Round "2"]
[Board "5"]
[White "Tabernig, Bernhard"]
[Black "Mitterwald, Johannes"]
[Result "1/2-1/2"]
[WhiteElo "2330"]
[BlackElo "2105"]
[PlyCount "87"]
[EventDate "2016.10.28"]
[EventType "team"]
[EventRounds "11"]
[EventCountry "AUT"]
[WhiteTeam "Zillertal"]
[BlackTeam "Pradl"]

1. d4 Nf6 2. c4 g6 3. Nc3 Bg7 4. e4 d6 5. Nf3 O-O 6. Be2 e5 7. O-O Nc6 8. d5
Ne7 9. Ne1 Ne8 10. Nd3 f5 11. Bd2 Nf6 12. f3 f4 13. c5 c6 14. cxd6 Qxd6 15. Na4
cxd5 16. Bb4 Qe6 17. Ndc5 Qf7 18. Nd3 Qe6 19. Qb3 Rd8 20. Nac5 Qb6 21. Nxe5
Nxe4 22. fxe4 Bxe5 23. Rad1 Be6 24. Ba3 Qxb3 25. Nxb3 Kf7 26. Nc5 dxe4 27. Nxe4
Nf5 28. Ng5+ Kf6 29. Nxe6 Kxe6 30. Rxd8 Rxd8 31. Rd1 Rxd1+ 32. Bxd1 Bd4+ 33.
Kh1 b6 34. b3 Ne3 35. Bf3 Ke5 36. Bc1 Nf5 37. Bd2 h5 38. a4 Ng7 39. g3 fxg3 40.
hxg3 Ne6 41. b4 Kf5 42. Kg2 Be5 43. Bc6 Bd6 44. a5 1/2-1/2

[Event "2. Bundesliga West 2016/17"]
[Site "Tirol"]
[Date "2016.10.29"]
[Round "2"]
[Board "6"]
[White "Nussbaumer, Leon"]
[Black "Schiestl, Josef"]
[Result "0-1"]
[WhiteElo "1964"]
[BlackElo "2123"]
[PlyCount "60"]
[EventDate "2016.10.28"]
[EventType "team"]
[EventRounds "11"]
[EventCountry "AUT"]
[WhiteTeam "Pradl"]
[BlackTeam "Zillertal"]

1. e4 c5 2. Nf3 e6 3. d4 cxd4 4. Nxd4 a6 5. Bd3 Bc5 6. Nb3 Ba7 7. O-O Nc6 8.
Nc3 d6 9. Qg4 Nf6 10. Qxg7 Rg8 11. Qh6 Ne5 12. Bg5 Nf3+ 13. gxf3 Rg6 14. Qh4 h6
15. f4 hxg5 16. fxg5 Nh5 17. Ne2 Rxg5+ 18. Ng3 Qf6 19. Nd2 Bd7 20. Kh1 Nf4 21.
Nf3 Rg6 22. Qxf6 Rxf6 23. Ne1 Ke7 24. f3 Rh8 25. Rd1 Rfh6 26. Rd2 Rh3 27. Rg1
Be3 28. Rdg2 Bxg1 29. Kxg1 Nxg2 30. Nxg2 Rxh2 0-1

[Event "2. Bundesliga West 2016/17"]
[Site "Hohenems"]
[Date "2016.10.29"]
[Round "2"]
[Board "1"]
[White "Gretz, Denis"]
[Black "Froewis, Georg"]
[Result "0-1"]
[WhiteElo "2339"]
[BlackElo "2463"]
[PlyCount "52"]
[EventDate "2016.10.28"]
[EventType "team"]
[EventRounds "11"]
[EventCountry "AUT"]
[WhiteTeam "Goetzis 2"]
[BlackTeam "Hohenems II"]

1. e4 e6 2. d4 d5 3. Nc3 Bb4 4. e5 c5 5. a3 Bxc3+ 6. bxc3 Ne7 7. Qg4 cxd4 8.
Bd3 Qa5 9. Ne2 O-O 10. Bg5 Ng6 11. Qg3 Nd7 12. f4 dxc3 13. h4 h5 14. Qe3 Qb6
15. Nd4 Nb8 16. Kf2 Nc6 17. Nxc6 bxc6 18. g4 hxg4 19. h5 f6 20. Qxb6 axb6 21.
hxg6 fxg5 22. Rh7 Rxf4+ 23. Kg3 Raa4 24. Rah1 Rf3+ 25. Kg2 Rh3 26. Rf1 Rf4 0-1

[Event "2. Bundesliga West 2016/17"]
[Site "Hohenems"]
[Date "2016.10.29"]
[Round "2"]
[Board "2"]
[White "Breder, Dennis"]
[Black "Mittelberger, Peter"]
[Result "1/2-1/2"]
[WhiteElo "2473"]
[BlackElo "2143"]
[PlyCount "60"]
[EventDate "2016.10.28"]
[EventType "team"]
[EventRounds "11"]
[EventCountry "AUT"]
[WhiteTeam "Hohenems II"]
[BlackTeam "Goetzis 2"]

1. e4 c6 2. d4 d5 3. exd5 cxd5 4. Bd3 Nc6 5. c3 Nf6 6. h3 g6 7. Bf4 Bf5 8. Be2
Bxb1 9. Rxb1 Bg7 10. Nf3 O-O 11. O-O Na5 12. Bd3 a6 13. a4 Rc8 14. Qe2 Re8 15.
Bh2 e6 16. Rfe1 Bf8 17. g4 Nd7 18. h4 Nc4 19. b3 Na5 20. Rec1 Be7 21. h5 Nf8
22. Kg2 Bd6 23. Ne5 g5 24. Qd2 f6 25. Nf3 Bxh2 26. Nxh2 Nc6 27. Rf1 e5 28. Bf5
Ne6 29. dxe5 Nf4+ 30. Kg3 Rc7 1/2-1/2

[Event "2. Bundesliga West 2016/17"]
[Site "Hohenems"]
[Date "2016.10.29"]
[Round "2"]
[Board "3"]
[White "Scheffknecht, Philipp"]
[Black "Baenziger, Fabian"]
[Result "0-1"]
[WhiteElo "2052"]
[BlackElo "2314"]
[PlyCount "30"]
[EventDate "2016.10.28"]
[EventType "team"]
[EventRounds "11"]
[EventCountry "AUT"]
[WhiteTeam "Goetzis 2"]
[BlackTeam "Hohenems II"]

1. d4 Nf6 2. c4 c5 3. d5 b5 4. cxb5 a6 5. f3 axb5 6. e4 Qa5+ 7. Bd2 b4 8. Na3
d6 9. Nc4 Qd8 10. a3 e6 11. dxe6 Bxe6 12. Bd3 d5 13. exd5 Bxd5 14. Nh3 Be7 15.
O-O Bxc4 0-1

[Event "2. Bundesliga West 2016/17"]
[Site "Hohenems"]
[Date "2016.10.29"]
[Round "2"]
[Board "4"]
[White "Burschowsky, Matthias"]
[Black "Gauss, Gustav"]
[Result "1-0"]
[WhiteElo "2195"]
[BlackElo "2180"]
[PlyCount "107"]
[EventDate "2016.10.28"]
[EventType "team"]
[EventRounds "11"]
[EventCountry "AUT"]
[WhiteTeam "Hohenems II"]
[BlackTeam "Goetzis 2"]

1. Nf3 Nf6 2. c4 c5 3. d4 cxd4 4. Nxd4 e5 5. Nb5 d5 6. cxd5 Qa5+ 7. N5c3 b5 8.
e4 b4 9. Bb5+ Bd7 10. Bxd7+ Nbxd7 11. Ne2 Nxe4 12. O-O Ndf6 13. Nd2 Nxd2 14.
Bxd2 Qxd5 15. Qc2 Be7 16. Bxb4 Qb5 17. Bxe7 Kxe7 18. Qc7+ Nd7 19. Rad1 Rhd8 20.
Qd6+ Ke8 21. Nc3 Qc5 22. Qa6 Kf8 23. Rd5 Qb6 24. Qa3+ Kg8 25. Rd6 Qc7 26. Rfd1
Nf8 27. h3 Rxd6 28. Rxd6 Rb8 29. Nd5 Qb7 30. b3 f6 31. Qa4 Rc8 32. Qa5 Qf7 33.
Ra6 Rc1+ 34. Kh2 Rd1 35. Ne3 Rd7 36. Rc6 h6 37. Rc8 Qe6 38. Qc5 Qd6 39. Qc4+
Kh7 40. Nf5 Qe6 41. Qe4 g6 42. Ne3 Rf7 43. Qa8 Kg7 44. Nc4 Qd7 45. Qb8 Qe6 46.
Nd6 Rd7 47. Ne8+ Kg8 48. Rd8 Rxd8 49. Qxd8 Kf7 50. Nd6+ Kg8 51. Nb5 Qb6 52.
Qd5+ Kg7 53. Nd6 Qd8 54. Nf5+ 1-0

[Event "2. Bundesliga West 2016/17"]
[Site "Hohenems"]
[Date "2016.10.29"]
[Round "2"]
[Board "5"]
[White "Kranz, Armin"]
[Black "Atlas, Dmitry"]
[Result "1-0"]
[WhiteElo "2071"]
[BlackElo "2218"]
[PlyCount "71"]
[EventDate "2016.10.28"]
[EventType "team"]
[EventRounds "11"]
[EventCountry "AUT"]
[WhiteTeam "Goetzis 2"]
[BlackTeam "Hohenems II"]

1. d4 d5 2. c4 c6 3. Nf3 e6 4. e3 Nf6 5. Qc2 Nbd7 6. Nc3 Bd6 7. Be2 O-O 8. O-O
dxc4 9. Bxc4 b5 10. Bd3 Bb7 11. h3 Qb6 12. e4 e5 13. Be3 c5 14. dxe5 Nxe5 15.
Nxe5 Bxe5 16. b4 Bxc3 17. Qxc3 cxb4 18. Qxb4 Qe6 19. a4 a5 20. Qb2 b4 21. Bd4
Rfd8 22. Rad1 Bc6 23. Bc2 Rab8 24. Be5 Rbc8 25. Bb3 Qe7 26. f3 Ne8 27. Bd4 Rd7
28. Rd2 Rcd8 29. Rfd1 Qg5 30. Kf2 Nf6 31. Be3 Qh4+ 32. Kf1 Qg3 33. Bb6 Rxd2 34.
Rxd2 Re8 35. Qc2 Nxe4 36. fxe4 1-0

[Event "2. Bundesliga West 2016/17"]
[Site "Hohenems"]
[Date "2016.10.29"]
[Round "2"]
[Board "6"]
[White "Sandholzer, Robert"]
[Black "Natter, Markus"]
[Result "1/2-1/2"]
[WhiteElo "2156"]
[BlackElo "1981"]
[PlyCount "61"]
[EventDate "2016.10.28"]
[EventType "team"]
[EventRounds "11"]
[EventCountry "AUT"]
[WhiteTeam "Hohenems II"]
[BlackTeam "Goetzis 2"]

1. e4 g6 2. d4 Bg7 3. Nc3 d6 4. f4 a6 5. Nf3 b5 6. Bd3 Nd7 7. e5 c5 8. Be4 Rb8
9. Be3 Nh6 10. dxc5 dxc5 11. O-O O-O 12. Kh1 b4 13. Ne2 Qb6 14. Qe1 f6 15. Rd1
Nf7 16. Qh4 fxe5 17. fxe5 Ndxe5 18. Qxe7 Nd7 19. Bd5 Bf6 20. Qe4 Bb7 21. Ng5
Nde5 22. Nxf7 Nxf7 23. Bh6 Bxd5 24. Qxd5 Rbd8 25. Qc4 Rxd1 26. Rxd1 Re8 27. Nf4
Qd6 28. Nd5 Qe6 29. Nxf6+ Qxf6 30. Rf1 Qe6 31. Qf4 1/2-1/2

[Event "2. Bundesliga West 2016/17"]
[Site "Hohenems"]
[Date "2016.10.29"]
[Round "2"]
[Board "1"]
[White "Bezler, Rainer"]
[Black "Novkovic, Milan"]
[Result "1/2-1/2"]
[WhiteElo "2234"]
[BlackElo "2371"]
[PlyCount "42"]
[EventDate "2016.10.28"]
[EventType "team"]
[EventRounds "11"]
[EventCountry "AUT"]
[WhiteTeam "Bregenz 2"]
[BlackTeam "Dornbirn"]

1. e4 c5 2. Nf3 e6 3. d4 cxd4 4. Nxd4 Nf6 5. Nc3 d6 6. Be3 a6 7. f3 b5 8. Qd2
Bb7 9. g4 Nfd7 10. O-O-O Nb6 11. a3 N8d7 12. Kb1 Ne5 13. Qe1 Be7 14. h4 Rc8 15.
Bc1 Qc7 16. g5 Nec4 17. Bxc4 Nxc4 18. Rd3 Ne5 19. Rd1 Nc4 20. Rd3 Ne5 21. Rd1
Nc4 1/2-1/2

[Event "2. Bundesliga West 2016/17"]
[Site "Hohenems"]
[Date "2016.10.29"]
[Round "2"]
[Board "2"]
[White "Schmidlechner, Alexander"]
[Black "Barthelmann, Benno"]
[Result "1-0"]
[WhiteElo "2201"]
[BlackElo "2097"]
[PlyCount "95"]
[EventDate "2016.10.28"]
[EventType "team"]
[EventRounds "11"]
[EventCountry "AUT"]
[WhiteTeam "Dornbirn"]
[BlackTeam "Bregenz 2"]

1. d4 f5 2. g3 Nf6 3. Bg2 g6 4. c3 Bg7 5. Nh3 d5 6. Nd2 O-O 7. O-O Nc6 8. Nf3
e6 9. Nf4 Qe8 10. Nd3 h6 11. Bf4 Rf7 12. Nfe5 Nxe5 13. Bxe5 c6 14. Qc2 b6 15.
c4 Bb7 16. a4 Rc8 17. c5 Ba6 18. Nb4 Bc4 19. b3 bxc5 20. dxc5 a5 21. bxc4 axb4
22. Rfb1 Rb7 23. a5 Qe7 24. a6 Ra7 25. Rxb4 Qxc5 26. Qb2 Ng4 27. Bxg7 Qxf2+ 28.
Kh1 Ne3 29. Bh3 Rxg7 30. Rb7 Rxb7 31. axb7 Rb8 32. Rb1 Nxc4 33. Qf6 Kh7 34.
Qf7+ Kh8 35. Qxe6 Qd4 36. Qc8+ Kg7 37. Qc7+ Kf6 38. Qxc6+ Kg5 39. Bg2 Ne3 40.
Bf3 Ng4 41. Qc1+ Kf6 42. Qc6+ Kg5 43. h3 Nf2+ 44. Kg2 h5 45. Qc7 Ne4 46. Qxb8
Qf2+ 47. Kh1 Nxg3+ 48. Qxg3+ 1-0

[Event "2. Bundesliga West 2016/17"]
[Site "Hohenems"]
[Date "2016.10.29"]
[Round "2"]
[Board "3"]
[White "Amann, Harald"]
[Black "Leutwyler, Martin"]
[Result "0-1"]
[WhiteElo "2049"]
[BlackElo "2164"]
[PlyCount "68"]
[EventDate "2016.10.28"]
[EventType "team"]
[EventRounds "11"]
[EventCountry "AUT"]
[WhiteTeam "Bregenz 2"]
[BlackTeam "Dornbirn"]

1. Nf3 d5 2. c4 c6 3. b3 dxc4 4. bxc4 e5 5. Qc2 Bd6 6. Bb2 Qe7 7. Nc3 Nf6 8. e4
O-O 9. g3 Na6 10. d3 Bg4 11. Bg2 Rad8 12. O-O Bc5 13. a3 Bxf3 14. Bxf3 Bd4 15.
Be2 Nc5 16. Kg2 Rd6 17. Rfd1 Rfd8 18. a4 Ne6 19. a5 Qd7 20. h4 h5 21. f3 Ne8
22. Ba3 Bc5 23. Bxc5 Nxc5 24. d4 exd4 25. e5 d3 26. Qb2 Rd4 27. Bf1 Rxc4 28.
Ne4 Rc2+ 29. Qxc2 dxc2 30. Rxd7 Rxd7 31. Rc1 Nxe4 32. Rxc2 Rd2+ 33. Rxd2 Nxd2
34. Bd3 Nc7 0-1

[Event "2. Bundesliga West 2016/17"]
[Site "Hohenems"]
[Date "2016.10.29"]
[Round "2"]
[Board "4"]
[White "Proyer, Enno"]
[Black "Dorner, Guenther"]
[Result "1-0"]
[WhiteElo "2103"]
[BlackElo "1917"]
[PlyCount "99"]
[EventDate "2016.10.28"]
[EventType "team"]
[EventRounds "11"]
[EventCountry "AUT"]
[WhiteTeam "Dornbirn"]
[BlackTeam "Bregenz 2"]

1. d4 Nf6 2. c4 e6 3. Nc3 d5 4. cxd5 exd5 5. Bg5 Be7 6. Qc2 O-O 7. e3 Nbd7 8.
Bd3 h6 9. Bf4 c6 10. h3 Re8 11. O-O-O b6 12. Kb1 Bb7 13. Nf3 Rc8 14. g4 c5 15.
g5 hxg5 16. Nxg5 Ne4 17. Ngxe4 cxd4 18. exd4 dxe4 19. Bxe4 Bxe4 20. Qxe4 Bb4
21. Qd3 Bxc3 22. bxc3 Qf6 23. Be3 Qc6 24. Bd2 Nf6 25. f3 Nd5 26. Rc1 b5 27.
Rhg1 Nb6 28. Rg4 Re6 29. Rcg1 g6 30. h4 Nd5 31. Rc1 Qa6 32. Rg5 Qc6 33. h5 Kg7
34. hxg6 Rxg6 35. Re5 a6 36. f4 Nb6 37. f5 Rg2 38. Rc5 Qb7 39. f6+ Kg8 40. Rh5
Rg6 41. Rch1 Qxh1+ 42. Rxh1 Rxf6 43. Qh7+ Kf8 44. Qh8+ Ke7 45. Re1+ Re6 46.
Rxe6+ fxe6 47. Qg7+ Kd6 48. Qb7 Rc6 49. Qxa6 Nc4 50. Bf4+ 1-0

[Event "2. Bundesliga West 2016/17"]
[Site "Hohenems"]
[Date "2016.10.29"]
[Round "2"]
[Board "5"]
[White "Mauthner, Martin"]
[Black "Ruescher, Christian"]
[Result "0-1"]
[WhiteElo "1838"]
[BlackElo "2058"]
[PlyCount "82"]
[EventDate "2016.10.28"]
[EventType "team"]
[EventRounds "11"]
[EventCountry "AUT"]
[WhiteTeam "Bregenz 2"]
[BlackTeam "Dornbirn"]

1. d4 d5 2. Nf3 Nf6 3. e3 c6 4. c4 e6 5. Nc3 Nbd7 6. Bd3 dxc4 7. Bxc4 b5 8. Bd3
a6 9. O-O Bb7 10. b3 c5 11. Bb2 Qc7 12. h3 Rd8 13. Rc1 Qb8 14. Qe2 Bd6 15. Nd2
Qa8 16. f3 cxd4 17. exd4 Nh5 18. Nce4 Bb8 19. Ba3 Nb6 20. Bc5 Nf4 21. Bxb5+
axb5 22. Qxb5+ Nd7 23. Nd6+ Bxd6 24. Bxd6 Nd5 25. Nc4 Ba6 26. Qa5 Bxc4 27. Qxa8
Rxa8 28. bxc4 Ne3 29. Rfe1 Nf5 30. d5 Nxd6 31. dxe6 Nc5 32. Rcd1 Ra6 33. e7 Ne6
34. f4 Kxe7 35. c5 Nf5 36. g4 Nh4 37. Kf2 Kf6 38. Kg3 Nxf4 39. Kxf4 Ng2+ 40.
Kg3 Nxe1 41. Rxe1 Ra3+ 0-1

[Event "2. Bundesliga West 2016/17"]
[Site "Hohenems"]
[Date "2016.10.29"]
[Round "2"]
[Board "6"]
[White "Busch, Michael"]
[Black "Kozissnik, Christian"]
[Result "1-0"]
[WhiteElo "1960"]
[BlackElo "1917"]
[PlyCount "103"]
[EventDate "2016.10.28"]
[EventType "team"]
[EventRounds "11"]
[EventCountry "AUT"]
[WhiteTeam "Dornbirn"]
[BlackTeam "Bregenz 2"]

1. c4 b6 2. Nc3 e6 3. g3 Bb7 4. e4 Nf6 5. Bg2 d6 6. Nge2 Nbd7 7. O-O e5 8. d4
g6 9. h3 Bg7 10. Be3 O-O 11. Qd2 exd4 12. Nxd4 Nc5 13. f3 Ne6 14. Nc2 Kh8 15.
Kh2 Re8 16. Rad1 Ng8 17. Nb4 Ne7 18. Nbd5 Nxd5 19. cxd5 Nc5 20. Bd4 f6 21. Rf2
Qe7 22. Bf1 a6 23. Rc1 Nd7 24. Ne2 Ne5 25. Nf4 Bc8 26. Qc3 Bd7 27. Rfc2 c5 28.
dxc6 Nxc6 29. Nd5 Qf8 30. Bxf6 Ne5 31. Bxg7+ Qxg7 32. Nxb6 Rad8 33. Nxd7 Nxd7
34. Qxg7+ Kxg7 35. Bxa6 Nc5 36. Bc4 Rf8 37. Kg2 Kf6 38. b4 Nd7 39. a4 Rb8 40.
Rb1 Ke5 41. a5 Rfc8 42. f4+ Kxe4 43. Re1+ Kd4 44. Rd1+ Ke4 45. Re2+ Kf5 46.
Be6+ Kf6 47. Bxd7 Rc7 48. Rxd6+ Kg7 49. Re7+ Kf8 50. Re4 Rd8 51. Red4 Ke7 52.
b5 1-0

[Event "2. Bundesliga West 2016/17"]
[Site "Salzburg"]
[Date "2016.10.29"]
[Round "2"]
[Board "2"]
[White "Koepke, Christian"]
[Black "Mons, Leon"]
[Result "1/2-1/2"]
[WhiteElo "2305"]
[BlackElo "2461"]
[PlyCount "113"]
[EventDate "2016.10.28"]
[EventType "team"]
[EventRounds "11"]
[EventCountry "AUT"]
[WhiteTeam "Kufstein/Woergl"]
[BlackTeam "SIR Bernhard 1"]

1. e4 e5 2. Nf3 Nc6 3. d4 exd4 4. Nxd4 Nf6 5. Nxc6 bxc6 6. Qe2 d5 7. exd5+ Be7
8. dxc6 O-O 9. Nc3 Bg4 10. Qc4 Rb8 11. a3 Re8 12. Be2 Bxe2 13. Nxe2 Bd6 14. O-O
Re4 15. Qd3 Bxh2+ 16. Kxh2 Qxd3 17. cxd3 Rxe2 18. b4 Rb6 19. Bf4 Nd5 20. Rfe1
Re6 21. Rxe6 fxe6 22. Be5 Rxc6 23. b5 Rc2 24. Bd4 c5 25. bxc6 a6 26. Rb1 Rxc6
27. Rb7 Rc7 28. Rb8+ Kf7 29. Ra8 Re7 30. Rxa6 Nf4 31. Ra7 Rxa7 32. Bxa7 Nxd3
33. a4 e5 34. a5 Ke6 35. Kg3 Nb4 36. Bc5 Na6 37. Bf8 g6 38. Kg4 Kf6 39. Bh6 Nb8
40. Kf3 Kf5 41. g4+ Ke6 42. Ke4 Na6 43. Kf3 Kd5 44. Be3 h5 45. gxh5 gxh5 46.
Kg3 Nb4 47. Bd2 Nd3 48. f3 Nc5 49. Kh4 Nb3 50. a6 Kc6 51. Be3 Nd4 52. Kxh5 Nxf3
53. Kg4 Nd4 54. Bxd4 exd4 55. Kf3 Kb6 56. Ke4 Kxa6 57. Kxd4 1/2-1/2

[Event "2. Bundesliga West 2016/17"]
[Site "Salzburg"]
[Date "2016.10.29"]
[Round "2"]
[Board "4"]
[White "Rusche, Johannes"]
[Black "Hilverda, Alexander"]
[Result "1-0"]
[WhiteElo "2265"]
[BlackElo "2392"]
[PlyCount "125"]
[EventDate "2016.10.28"]
[EventType "team"]
[EventRounds "11"]
[EventCountry "AUT"]
[WhiteTeam "Kufstein/Woergl"]
[BlackTeam "SIR Bernhard 1"]

1. e4 e5 2. Nf3 Nc6 3. Bb5 a6 4. Ba4 Nf6 5. O-O Be7 6. Re1 b5 7. Bb3 d6 8. c3
O-O 9. d4 Bg4 10. Be3 Bh5 11. Nbd2 exd4 12. cxd4 Na5 13. Rc1 Nxb3 14. axb3 d5
15. Qc2 Bb4 16. Ne5 Bxd2 17. Bxd2 dxe4 18. Nc6 Qd7 19. Bg5 Bg6 20. Qc5 Rfe8 21.
Bxf6 gxf6 22. d5 f5 23. Nb4 a5 24. Nc6 f4 25. Qxb5 f3 26. g3 Qh3 27. Qf1 Qf5
28. Qc4 Qh3 29. Qf1 Qf5 30. Qc4 e3 31. Nd4 Qh3 32. Nxf3 exf2+ 33. Kxf2 Qf5 34.
Qc6 Red8 35. Re5 Qd3 36. Qc4 Rab8 37. Qxd3 Bxd3 38. Rc3 Bb1 39. Nd4 Rd6 40.
Rxc7 a4 41. Rc6 Rd7 42. d6 axb3 43. Ke3 Kf8 44. Re7 Rxd6 45. Rxf7+ Kxf7 46.
Rxd6 Bc2 47. Kd2 Rc8 48. Rc6 Rd8 49. Kc3 Be4 50. Rc5 Kg6 51. Rb5 Rf8 52. Re5
Bc2 53. Nxc2 bxc2 54. Kxc2 Rf2+ 55. Kc3 Rxh2 56. b4 h5 57. Re3 h4 58. gxh4 Rxh4
59. Rf3 Kg5 60. b5 Re4 61. Rf8 Kg6 62. b6 Kg7 63. Rc8 1-0

[Event "2. Bundesliga West 2016/17"]
[Site "Salzburg"]
[Date "2016.10.29"]
[Round "2"]
[Board "5"]
[White "Durakovic, Alman"]
[Black "Neuschmied, Siegfried"]
[Result "1-0"]
[WhiteElo "2280"]
[BlackElo "2153"]
[PlyCount "85"]
[EventDate "2016.10.28"]
[EventType "team"]
[EventRounds "11"]
[EventCountry "AUT"]
[WhiteTeam "SIR Bernhard 1"]
[BlackTeam "Kufstein/Woergl"]

1. c4 Nf6 2. d4 g6 3. f3 c5 4. d5 b5 5. cxb5 d6 6. e4 a6 7. Nc3 Bg7 8. bxa6 O-O
9. Bd3 Bxa6 10. Nh3 Qb6 11. Nf2 Bxd3 12. Qxd3 Na6 13. O-O Nd7 14. Kh1 Rfb8 15.
f4 Nb4 16. Qh3 Qa6 17. Bd2 Nb6 18. f5 Nc4 19. Bg5 Ra7 20. Ng4 Ne5 21. f6 Nxg4
22. fxg7 h5 23. Qh4 f6 24. h3 Ne5 25. Bf4 Nbd3 26. b3 Kxg7 27. Ne2 Nf7 28. Be3
Rh8 29. Nf4 Nxf4 30. Qxf4 Rha8 31. b4 Qb5 32. bxc5 dxc5 33. e5 Nxe5 34. Qh6+
Kf7 35. Qh7+ Ke8 36. Qg8+ Kd7 37. Qe6+ Kd8 38. d6 Qd7 39. dxe7+ Qxe7 40. Qd5+
Nd7 41. Bf4 Kc8 42. Bd6 Qd8 43. Qc6+ 1-0

[Event "2. Bundesliga West 2016/17"]
[Site "Salzburg"]
[Date "2016.10.29"]
[Round "2"]
[Board "6"]
[White "Atzl, Florian"]
[Black "Wieneroiter, Gerald"]
[Result "1-0"]
[WhiteElo "1996"]
[BlackElo "2120"]
[PlyCount "63"]
[EventDate "2016.10.28"]
[EventType "team"]
[EventRounds "11"]
[EventCountry "AUT"]
[WhiteTeam "Kufstein/Woergl"]
[BlackTeam "SIR Bernhard 1"]

1. e4 c6 2. d4 d5 3. Nd2 dxe4 4. Nxe4 Bf5 5. Ng3 Bg6 6. h4 h6 7. Nf3 Nd7 8. h5
Bh7 9. Bd3 Bxd3 10. Qxd3 e6 11. Bd2 Ngf6 12. Qe2 Qc7 13. O-O-O Bd6 14. Ne4 Bf4
15. Kb1 Nxe4 16. Qxe4 Bxd2 17. Rxd2 O-O-O 18. Rhd1 Nf6 19. Qe5 Qe7 20. Qa5 Kb8
21. Ne5 Rd5 22. Qa4 Nxh5 23. c4 Rdd8 24. Rd3 Qc7 25. Ra3 a5 26. Rb3 Rc8 27. Rb6
Qxb6 28. Nd7+ Kc7 29. Nxb6 Kxb6 30. Rd3 Ra8 31. Qa3 Rhe8 32. Qc5+ 1-0

[Event "2. Bundesliga West 2016/17"]
[Site "Salzburg"]
[Date "2016.10.29"]
[Round "2"]
[Board "1"]
[White "Krivoborodov, Egor"]
[Black "Medvegy, Zoltan"]
[Result "1/2-1/2"]
[WhiteElo "2519"]
[BlackElo "2557"]
[PlyCount "47"]
[EventDate "2016.10.28"]
[EventType "team"]
[EventRounds "11"]
[EventCountry "AUT"]
[WhiteTeam "ASK Salzburg"]
[BlackTeam "Ranshofen"]

1. g3 c5 2. Bg2 Nc6 3. Nf3 g6 4. O-O Bg7 5. c4 d6 6. Nc3 e6 7. a3 Nge7 8. Rb1
b6 9. b4 Bb7 10. e3 O-O 11. d4 cxd4 12. exd4 d5 13. cxd5 Nxd5 14. Nxd5 exd5 15.
Bb2 Re8 16. Re1 Qd6 17. Qd3 Rad8 18. Rbc1 Bc8 19. Rxe8+ Rxe8 20. h3 Bf5 21. Qb5
Bd7 22. Qd3 Bf5 23. Qb5 Bd7 24. Qd3 1/2-1/2

[Event "2. Bundesliga West 2016/17"]
[Site "Salzburg"]
[Date "2016.10.29"]
[Round "2"]
[Board "2"]
[White "Galyas, Miklos"]
[Black "Besner, Bernhard"]
[Result "1-0"]
[WhiteElo "2467"]
[BlackElo "2141"]
[PlyCount "91"]
[EventDate "2016.10.28"]
[EventType "team"]
[EventRounds "11"]
[EventCountry "AUT"]
[WhiteTeam "Ranshofen"]
[BlackTeam "ASK Salzburg"]

1. c4 e6 2. g3 d5 3. Bg2 dxc4 4. Qa4+ Nd7 5. Nf3 a6 6. Qxc4 b5 7. Qc2 Bb7 8.
O-O Ngf6 9. Nc3 Bd6 10. a4 b4 11. Nd1 Rb8 12. b3 O-O 13. Bb2 Nc5 14. Ne3 Re8
15. Nc4 Ncd7 16. d3 e5 17. e4 Qe7 18. Rae1 c5 19. Nxd6 Qxd6 20. Nd2 a5 21. Nc4
Qc7 22. f4 exf4 23. gxf4 Re7 24. e5 Ne8 25. f5 f6 26. e6 Nb6 27. Nxa5 Bxg2 28.
Qxg2 Rc8 29. Nc4 Rd8 30. Rd1 Nd5 31. d4 Nc3 32. Bxc3 bxc3 33. d5 Nd6 34. Qg3 c2
35. Rc1 Nxc4 36. Qxc7 Rxc7 37. bxc4 Ra7 38. Rxc2 Rxa4 39. Rb1 Ra7 40. Rcb2 Kf8
41. Rb7 Rxb7 42. Rxb7 Rd6 43. Rf7+ Ke8 44. Rxg7 Kf8 45. Rxh7 Ra6 46. Rc7 1-0

[Event "2. Bundesliga West 2016/17"]
[Site "Salzburg"]
[Date "2016.10.29"]
[Round "2"]
[Board "3"]
[White "Frank, Emanuel"]
[Black "Dovzik, Juri"]
[Result "1/2-1/2"]
[WhiteElo "2189"]
[BlackElo "2284"]
[PlyCount "62"]
[EventDate "2016.10.28"]
[EventType "team"]
[EventRounds "11"]
[EventCountry "AUT"]
[WhiteTeam "ASK Salzburg"]
[BlackTeam "Ranshofen"]

1. d4 d5 2. c4 c6 3. cxd5 cxd5 4. Bf4 Nc6 5. e3 Nf6 6. Nc3 Bf5 7. Qb3 Na5 8.
Qa4+ Bd7 9. Bb5 Nc6 10. Nf3 a6 11. Bxc6 Bxc6 12. Qb3 e6 13. Ne5 Bd6 14. O-O
Bxe5 15. Bxe5 O-O 16. Bxf6 Qxf6 17. a4 Rfc8 18. Rfc1 Qd8 19. Qa3 h6 20. b4 Be8
21. Ne2 Qd7 22. a5 Qb5 23. Nf4 Rc4 24. Rxc4 dxc4 25. Qc3 Bc6 26. Rc1 Bd5 27. f3
f5 28. e4 fxe4 29. fxe4 Bxe4 30. Nxe6 Rc8 31. Nc5 Bd5 1/2-1/2

[Event "2. Bundesliga West 2016/17"]
[Site "Salzburg"]
[Date "2016.10.29"]
[Round "2"]
[Board "4"]
[White "Knechtel, Roland"]
[Black "Roth, Peter"]
[Result "1-0"]
[WhiteElo "2266"]
[BlackElo "2128"]
[PlyCount "43"]
[EventDate "2016.10.28"]
[EventType "team"]
[EventRounds "11"]
[EventCountry "AUT"]
[WhiteTeam "Ranshofen"]
[BlackTeam "ASK Salzburg"]

1. d4 c5 2. d5 g6 3. e4 Bg7 4. Nf3 d6 5. h3 Na6 6. Bb5+ Bd7 7. Bxd7+ Qxd7 8. a4
Nc7 9. O-O b5 10. axb5 Nxb5 11. c3 Nf6 12. Re1 O-O 13. Nbd2 Rfb8 14. Nc4 e6 15.
Na5 Rb6 16. dxe6 Qxe6 17. e5 Ne8 18. Ng5 Qd7 19. e6 fxe6 20. Nxe6 Qf7 21. Ng5
Qd7 22. Qd5+ 1-0